Library Catalog

New Caribbean junior English : (Record no. 492633)

MARC details
000 -LEADER
fixed length control field 00885nam a22002297a 4500
003 - CONTROL NUMBER IDENTIFIER
control field OSt
005 - DATE AND TIME OF LATEST TRANSACTION
control field 20260511081801.0
008 - FIXED-LENGTH DATA ELEMENTS--GENERAL INFORMATION
fixed length control field 260511b |||||||| |||| 00| 0 eng d
020 ## - INTERNATIONAL STANDARD BOOK NUMBER
International Standard Book Number 9780602252403
040 ## - CATALOGING SOURCE
Original cataloging agency Kenya National Library Service
082 ## - DEWEY DECIMAL CLASSIFICATION NUMBER
Classification number 428.24076 RIC
100 ## - MAIN ENTRY--PERSONAL NAME
Personal name Richards, Haydn,
Relator term author.
245 ## - TITLE STATEMENT
Title New Caribbean junior English :
Remainder of title an integrated approach 1 /
Statement of responsibility, etc. Haydn Richards, Pamela Mordecai.
300 ## - PHYSICAL DESCRIPTION
Extent 122 pages :
Other physical details illustrations ;
Dimensions 22 cm.
504 ## - BIBLIOGRAPHY, ETC. NOTE
Bibliography, etc. note Includes index.
520 ## - SUMMARY, ETC.
Summary, etc. Integrated English language course designed for Caribbean junior secondary school students, covering grammar, comprehension, composition, and oral communication.
650 ## - SUBJECT ADDED ENTRY--TOPICAL TERM
Topical term or geographic name entry element English language
General subdivision Juvenile literature.
700 ## - ADDED ENTRY--PERSONAL NAME
Personal name Mordecai, Pamela,
Relator term author.
942 ## - ADDED ENTRY ELEMENTS (KOHA)
Source of classification or shelving scheme Dewey Decimal Classification
Koha item type Books
Suppress in OPAC No
Holdings
Withdrawn status Source of classification or shelving scheme Damaged status Not for loan Collection Home library Current library Date acquired Source of acquisition Cost, normal purchase price Total checkouts Full call number Barcode Date last seen Price effective from Koha item type
  Dewey Decimal Classification     Junior Books Nakuru Library Acquisition, Cataloguing, Classification and Distribution Development 05/11/2026 BAI 1499.00   428.24076 RIC B229757 05/11/2026 05/11/2026 Books

© 2025, Kenya National Library Service | Designed & Maintained by Uvumbuzi Center